Mal Puntuado - Les Luthiers - Estadísticas

Estadísticas generales
  • Esta prueba ha sido intentada 26 veces
  • La puntuación promedio es 12 de 16
Estadísticas de respuestas
% Correcto
Mastropiero se ha creado fama de artista espiritual pero come todo Pero {con métodos}
100%
Los críticos recien comenzaron a apreciar las obras de Mastropiero cuando ya era grandecito Cuando ya eran {grandes hitos} en la historia de la música
95%
Por ejemplo, un conocido crítico se resfrió {se refirió} a Mastropiero
95%
Por entonces conoció a los Condes de Freistadt, y cuando ya no podía más sacudió a la condesa... {acudió} a la condesa
81%
Con esto termino Con éstos términos
81%
En los más prestigiosos foros internacionales en que estuve excitado en que estuve, {he citado}
81%
tomáramos en cuenta su tenaza Tomáramos en cuenta su {tenaz ambición}
81%
con métodos pocos, claro con métodos poco claros
76%
Ella lo conectó a Mastropiero con el agregado cultural de la embajada de la República de Banania. Aquí termina la anécdota, pero él te mató. ¡Da vía, da!. ¡Pará! Más. Pero {el tema todavía da para más}
76%
Podríamos llegar a admirarlo siempre. ¿Y cuándo tomaremos? Podríamos llegar a admirarlo {siempre y cuando tomáramos}
76%
Por esos días Mastropiero enfrentó grandes problemas: chocó con la bici con las {vicisitudes} más adversas
71%
muchas veces he citado el fracaso de su operación El fracaso de {su ópera Sion} y el Judío Errante
71%
que se basaba en una vieja leyendo ebria En una {vieja leyenda hebrea}
67%
Siempre dije que dicha ópera fracasó porque no muestra los sexos, dos, los dos sexos no muestra {los éxodos} de dicho pueblo
67%
y por eso Mastropiero soportó ¡ha batido un huevo! soportó {abatido un nuevo} fracaso
67%
Esto es, todo esto... todo esto es ... todo es... Esto es, todo... todo, esto, ese, todo eso es. Éste todo, ¡Oh!, ¿qué es esto?, éste se, éste se, todo eso se, eso se tostó, se... ese seto es dos, dos tes, dos, eso es sed, esto es tos, tose tose toto, o se destetó teté o est... ¡Esto es todo!
62%
No se encontraron pruebas coincidentes
Distribución de puntuación
Porcentaje de gente con cada puntuación
Porcentaje por número respondido
Historial de tus puntuaciones
No has intentado esta prueba.